[Event "Wch U16"]
[Site "Florianopolis"]
[Date "2024.11.06"]
[Round "8"]
[White "Meysman, Kaito"]
[Black "Yang, Vian"]
[Result "1/2-1/2"]
[WhiteElo "2058"]
[BlackElo "1888"]
[PlyCount "199"]
[EventDate "2024.10.29"]
[EventType "swiss"]
[EventRounds "11"]
[EventCountry "BRA"]
[SourceTitle "CB45_2024"]
[Source "ChessBase"]
[SourceDate "2024.11.06"]
[SourceVersion "1"]
[SourceVersionDate "2024.11.06"]
[SourceQuality "1"]

1. Nf3 d5 2. g3 c6 3. Bg2 Bg4 4. h3 Bh5 5. d3 e6 6. 0-0 Bd6 7. Nbd2 Ne7 8. e4 0-0 9. e5 Bc7 10. Re1 c5 11. c3 Nbc6 12. g4 Bg6 13. Nb3 Bb6 14. d4 cxd4 15. Nbxd4 Nxd4 16. Nxd4 Nc6 17. Nb3 Qh4 18. Be3 Bxe3 19. Rxe3 h5 20. Qe2 Rad8 21. Rd1 a6 22. f4 Bh7 23. Nd4 Nxd4 24. Rxd4 b5 25. Qd1 Rc8 26. Bf1 Rc5 27. a4 Rb8 28. Rb4 Be4 29. Qe1 Qd8 30. Qf2 Qc8 31. Re1 Rc7 32. axb5 axb5 33. Bxb5 Ra7 34. Rc1 Rba8 35. Rd4 Ra2 36. Bd3 Bxd3 37. Rxd3 Rb8 38. Rc2 Ra1+ 39. Kg2 Qa6 40. Rd4 Qa2 41. gxh5 Qb1 42. Rb4 Qh1+ 43. Kg3 Rg1+ 44. Kh4 Ra8 45. Qh2 Qxh2 46. Rxh2 g6 47. Rb7 Kg7 48. h6+ Kxh6 49. Rxf7 Ra6 50. b4 Ra3 51. Rc2 d4 52. Rd7 Raa1 53. Rf2 dxc3 54. Rc7 Rab1 55. Rc4 c2 56. Rcxc2 Rxb4 57. Rg2 Rxf4+ 58. Kg3 Rxg2+ 59. Kxg2 Kg5 60. Kg3 Re4 61. Kf3 Rxe5 62. Rg2+ Kf5 63. h4 Kf6 64. Kf4 Ra5 65. Re2 Rf5+ 66. Kg4 e5 67. Ra2 Rf4+ 68. Kg3 Kf5 69. Ra5 Rg4+ 70. Kh3 Rd4 71. Kg3 Rd3+ 72. Kg2 Kf4 73. Ra6 Kf5 74. Ra5 Re3 75. Rb5 Kg4 76. Rb4+ e4 77. Kf2 Rf3+ 78. Ke2 Rf4 79. Ke3 Rf3+ 80. Ke2 Kf4 81. Rb6 Rg3 82. Rf6+ Ke5 83. Ra6 Kf5 84. Ra5+ Kf4 85. Ra6 Rg2+ 86. Kf1 Rg4 87. Ke2 Kg3 88. Ke3 Kxh4 89. Rf6 Kg3 90. Rf1 g5 91. Rg1+ Kh3 92. Rh1+ Kg2 93. Rh5 Kf1 94. Rh1+ Kg2 95. Rh5 Kg1 96. Rh3 Rg2 97. Kxe4 g4 98. Rh7 Kf2 99. Kf4 g3 100. Ra7 1/2-1/2